Statistics for Budgie Songs

Click here to take the quiz!

General Stats

  • This quiz has been taken 4 times
  • The average score is 21 of 111

Answer Stats

Answer% Correct
Crash Course in Brain Surgery
100%
Guts
100%
I Ain't No Mountain
100%
In for the Kill
100%
Napoleon Bona-Part One / Napoleon Bona-Part Two
100%
Rape of the Locks
100%
The Author
100%
Breadfan
67%
Drugstore Woman
67%
Hot as a Docker's Armpit
67%
Living on Your Own
67%
Melt the Ice Away
67%
Nude Disintegrating Parachutist Woman
67%
Parents
67%
Whiskey River
67%
Wondering What Everyone Knows
67%
Young Is a World
67%
You're the Biggest Thing Since Powdered Milk
67%
All Night Petrol
33%
Anne Neggen
33%
Baby Please Don't Go
33%
Black Velvet Stallion
33%
Breaking All the House Rules
33%
Hammer and Tongs
33%
Homicidal Suicidal
33%
I Can't See My Feelings
33%
If I Were Brittania I'd Waive the Rules
33%
In the Grip of a Tyrefitter's Hand
33%
I Turned to Stone
33%
Make Me Happy
33%
Power Supply
33%
Riding My Nightmare
33%
Rocking Man
33%
Slipaway
33%
Stranded
33%
Who Do You Want for Your Love?
33%
You Know I'll Always Love You
33%
Zoom Club
33%
Alison
0%
All at Sea
0%
Apparatus
0%
Bored With Russia
0%
Bottled
0%
Can't Get Up in the Morning
0%
Captain
0%
Change Your Ways
0%
Crime Against the World
0%
Dead Men Don't Talk
0%
Dish It Up
0%
Don't Cry
0%
Don't Dilute the Water
0%
Don't Go Away
0%
Don't Lay Down and Die
0%
(Don't Want To) Find That Girl
0%
Everything in My Heart
0%
Falling
0%
Finger on the Button
0%
Flowers in the Attic
0%
Forearm Smash
0%
Give Me the Truth
0%
Gunslinger
0%
Hard Luck
0%
Heaven in Your Eyes
0%
Heaven Knows Our Name
0%
Heavy Revolution
0%
Hellbender
0%
High School Girls
0%
Hold On to Love
0%
Honey
0%
House of a Sinner
0%
I Don't Want to Throw You
0%
I'm a Faker Too
0%
I'm Compressing the Comb on a Cockerel's Head
0%
Justice
0%
Keeping a Rendezvous
0%
Lies of Jim (The E-Type Lover)
0%
Living With Another Man
0%
Love for You and Me
0%
Love Is Enough
0%
Love Is When You Love
0%
N.O.R.A.D. (Doomsday City)
0%
Nutbush City Limits
0%
Panzer Division Destroyed
0%
Picture on a Screen
0%
Pyramids
0%
Quacktor and Bureaucats
0%
Reaper of the Glory
0%
Renegade
0%
Rock Your Blood
0%
Rolling Home Again1
0%
Running From My Soul
0%
Same Old Sad Affair
0%
Secrets in My Head
0%
She Used Me Up
0%
Signed Your Own Fate
0%
Sky High Percentage
0%
Smile Boy Smile
0%
Superstar
0%
Sweet Fast Talker
0%
Tell Me, Tell Me
0%
Time to Remember
0%
Truth Drug
0%
Untitled Lullaby
0%
Victim
0%
Wait Till Tomorrow
0%
We're All Living in Cuckooland
0%
Wild Fire
0%
You Ain't Got Love
0%
You and I
0%
Young Girl
0%
You're Opening Doors
0%

Score Distribution

Percentile by Number Answered

Percent of People with Each Score

Your Score History

You have not taken this quiz